A kapuvári uradalom személyzeti kiadásai 1690-ben

Elmentve itt :
Bibliográfiai részletek
Szerző: Merényi Lajos
Dokumentumtípus: Cikk
Megjelent: 1902
Sorozat:Magyar gazdaságtörténelmi szemle 9
Kulcsszavak:Közgazdaságtudomány, Magyarország történelme, Gazdaságtörténet
Online Access:http://misc.bibl.u-szeged.hu/740
LEADER 00640nab a2200169 i 4500
001 misc740
005 20191106144046.0
008 170607s1902 hu o 0|| hun d
040 |a SZTE Miscellanea Repozitórium  |b hun 
041 |a hun 
100 1 |a Merényi Lajos 
245 1 2 |a A kapuvári uradalom személyzeti kiadásai 1690-ben  |h [elektronikus dokumentum] /  |c  Merényi Lajos 
260 |c 1902 
300 |a 470-473 
490 0 |a Magyar gazdaságtörténelmi szemle  |v 9 
695 |a Közgazdaságtudomány, Magyarország történelme, Gazdaságtörténet 
856 4 0 |u http://misc.bibl.u-szeged.hu/740/1/gazd_tort_szeml_1902_470-473.pdf  |z Dokumentum-elérés